| 000 | 00877nam a2200265 a 4500 | ||
|---|---|---|---|
| 005 | 20180803164927.0 | ||
| 008 | 140120b1997 ck ||||| |||| 00| 0 spa d | ||
| 041 | _aspa | ||
| 044 | _ack | ||
| 090 |
_aIAvH _b00066 |
||
| 100 | 1 |
_aMuñoz Saba, Yaneth _94274 |
|
| 245 | 1 | 0 |
_aBiodiversidad biológica en cuevas y cavernas de Colombia : _bestudio de caso, regiones de Santander y Boyacá. |
| 260 |
_aVilla de Leyva (Boyacá): _bInstituto Alexander von Humboldt, _c1997. |
||
| 300 |
_a72 p. _c28 cm. |
||
| 650 | 4 |
_aPlan de manejo _93814 |
|
| 650 | 6 |
_aDiversidad cultural _93644 |
|
| 650 | 6 |
_aBiodiversidad _992204 |
|
| 650 | 6 |
_aGeología _928129 |
|
| 650 | 6 |
_aGeomorfología _928130 |
|
| 650 | 6 |
_aClima _928131 |
|
| 650 | 6 |
_aHombre _93693 |
|
| 651 |
_aColombia _xCuevas _xCavernas _zSantander _928132 |
||
| 651 |
_aColombia _yCuevas _yCavernas _zBoyacá _928133 |
||
| 942 |
_cINFORME _2z |
||
| 999 |
_c1700 _d1700 |
||